Vocaloid Quiz - Statistics

General Stats
  • This quiz has been taken 497 times
  • The average score is 13 of 20
Answer Stats
Somg Singer(s) % Correct
Popipo Hatsune Miku
100%
Senbonzakura Hatsune Miku
100%
World is Mine Hatsune Miku
100%
shake it! Hatsune Miku ft. Kagamine Rin and Len
100%
AiDee Hatsune Miku ft. Megurine Luka
100%
Meltdown Kagamine Rin
98%
Daughter of Evil Kagamine Rin
98%
Kokoro Kagamine Rin
98%
Servant of Evil Kagamine Len ft. Rin
94%
Just Be Friends Megurine Luka
91%
Ten Faced GUMI
89%
ECHO GUMI
89%
Matryoshka Hatsune Miku and GUMI
31%
Cendrillon Hatsune Miku and KAITO
30%
Suki Kirai Kagamine Rin and Len
25%
1 2 Fanclub Kagamine Rin and GUMI
19%
ACUTE Hatsune Miku, KAITO and Megurine Luka
8%
Alice Human Sacrifice MEIKO, KAITO, Hatsune Miku and Kagamine Rin and Len
6%
Bad∞End∞Night Hatsune Miku, Camui Gakupo, Kagamine Rin and Len, GUMI, MEIKO, KAITO and Megurine Luka
0%
Alice in Musicland MEIKO, KAITO, Hatsune Miku, Kagamine Rin and Len and Megurine Luka
0%
No matching quizzes found
Score Distribution
Percent of People with Each Score
Percentile by Number Answered
Your Score History
You have not taken this quiz